Heuristický prístup, iniciatívy a permanencia procesov v podmienkach Industry 4.0 a podnikaní na Slovensku

Iniciatívy heuristického prístupu a trvalosť procesov v podmienkach Industry 4.0 a podnikania na Slovensku vyplynuli v závere riešenia štátnej grantovej úlohy VEGA ako zásadné, z hľadiska výskumu ako konsolidujúce a v súlade s naším názvom k aktuálnym problémom v oblasti obchodnej teórie a práce. Je...

Descripción completa

Guardado en:
Detalles Bibliográficos
Autor principal: Dupaľ, Andrej
Formato: Capítulo de libro
Lenguaje:eslovaco
Materias:
Etiquetas: Agregar Etiqueta
Sin Etiquetas, Sea el primero en etiquetar este registro!

MARC

LEADER 00000naa$a2200000$$$4500
001 0289947
005 20240521095605.0
041 0 |a slo 
044 |a SK 
245 1 0 |a Heuristický prístup, iniciatívy a permanencia procesov v podmienkach Industry 4.0 a podnikaní na Slovensku  |c Andrej Dupaľ 
520 |a Iniciatívy heuristického prístupu a trvalosť procesov v podmienkach Industry 4.0 a podnikania na Slovensku vyplynuli v závere riešenia štátnej grantovej úlohy VEGA ako zásadné, z hľadiska výskumu ako konsolidujúce a v súlade s naším názvom k aktuálnym problémom v oblasti obchodnej teórie a práce. Je to v istom zmysle nielen náčrt, ale svojím spôsobom aj návod na ďalšie zlepšovanie sa v danej oblasti. Podľa nášho názoru načrtáva aj nové zahusťovanie vývojových procesov, a to nielen v riadení výroby a logistiky v Priemysle 4.0, ale aj vznikajúcom Priemysle 5.0 na Slovensku. Dnes sa všeobecne hovorí, že proces sa ešte len začína. 
610 2 0 |a priemysel 4.0 
610 2 0 |a heuristika 
610 2 0 |a prostredie podnikateľské 
610 2 0 |a Slovensko 
100 1 |a Dupaľ, Andrej